[Event "North American-ch U10 Girls"]
[Site "Montreal"]
[Date "2010.08.17"]
[Round "4"]
[White "Liu, Jennifer"]
[Black "Zhao, Jiayun"]
[Result "0-1"]
[WhiteElo "549"]
[BlackElo "1131"]
[PlyCount "74"]
[EventDate "2010.08.16"]
[EventType "swiss"]
[EventRounds "7"]
[EventCountry "CAN"]
[SourceTitle "EXT 2013"]
[Source "ChessBase"]
[SourceDate "2012.11.22"]
[SourceVersion "1"]
[SourceVersionDate "2012.11.22"]
[SourceQuality "1"]

1. e4 e5 2. Nf3 Nc6 3. Nc3 Nf6 4. Bc4 Be7 5. Ng5 0-0 6. h4 d6 7. Nd5 Bg4 8. Nf3 Nxe4 9. d3 Nf6 10. Be3 Nd4 11. 0-0 Nxf3+ 12. gxf3 Bh3 13. Re1 Nxd5 14. Bxd5 c6 15. Bb3 Bxh4 16. f4 Qf6 17. Qf3 Qg6+ 18. Kh2 Bf5 19. Rg1 Qf6 20. Raf1 Rfe8 21. Kh1 e4 22. Qg2 exd3 23. cxd3 Bxd3 24. Rd1 Be4 25. f3 Bf5 26. Qe2 Qe7 27. Rd3 Bxd3 28. Qxd3 Qxe3 29. Qf1 Qxf4 30. Rg4 Qf6 31. Qh3 Re1+ 32. Rg1 Rxg1+ 33. Kxg1 Qg5+ 34. Kh1 Qg3 35. Qf1 Re8 36. Qg2 Re1+ 37. Qg1 Qxg1# 0-1